| 000 | 00596nam a2200193 a 4500 | ||
|---|---|---|---|
| 008 | 011117e2016 ag |||g |||| 000 0 spa d | ||
| 020 | _a9789872949280 | ||
| 041 | _aspa | ||
| 092 |
_c808 _l74 _sRIV |
||
| 100 | 1 |
_aRivero, Franco _93348 |
|
| 245 |
_aUsted no viaja asegurado / _cFranco Rivero |
||
| 250 | _a1a ed. | ||
| 260 |
_aVilla Mercedes [San Luis]: _bDeaca; _c2016. |
||
| 300 |
_a70 p. _c21x14 cm. |
||
| 500 | _aRivero, F. (2016). Ud no viaja asegurado. (1a ed.). San Luis : Deacá. | ||
| 590 | _aDonación. Proyecto Literatura 4to libro | ||
| 655 |
_aLiteratura _92917 |
||
| 942 |
_2ddc _cLIT |
||
| 999 |
_c2506 _d2506 |
||